00605nam a2200193Ia 450000500170000000800460001703700120006304000200007504100130009508400220010810000170013024500440014726000360019130000150022765000210024294200220026399900210028595201050030620250508151857.0008 250505s9999 xx 000 0 eng d aTextual aFEDLbengcFEDL aeng2eng a155.45, HARqFEDL aHarms Ernest 0aEssentials of abnormal child psychology aNew York, USAbThe Julian Press axiii,265p. aChild Psychology cTEXLh155.45, HAR c1332651d1332651 00104070aFEDLbFEDLd2025-05-08l0o155.45, HARpEL0013860r2025-05-08 15:18:57w2025-05-08yTEXL